ইলেকট্রনিক যন্ত্রাংশের পরিচয় / (Record no. 44037)
[ view plain ]
| 000 -LEADER | |
|---|---|
| fixed length control field | 01148nam a22002537a 4500 |
| 001 - CONTROL NUMBER | |
| control field | 44037 |
| 003 - CONTROL NUMBER IDENTIFIER | |
| rucl marc code | BD-RjUL |
| 005 - DATE AND TIME OF LATEST TRANSACTION | |
| control field | 20211209053805.0 |
| 008 - FIXED-LENGTH DATA ELEMENTS--GENERAL INFORMATION | |
| fixed length control field | 160712s1977 bg ||||| |||| 00| 0 ben d |
| 035 ## - SYSTEM CONTROL NUMBER | |
| System control number | (BD-RjUL)44155 |
| 040 ## - CATALOGING SOURCE | |
| Original cataloging agency | BD-RjUL |
| Language of cataloging | ben |
| Transcribing agency | BD-RjUL |
| 041 ## - LANGUAGE CODE | |
| Language code of text/sound track or separate title | ben |
| 082 ## - DEWEY DECIMAL CLASSIFICATION NUMBER | |
| Edition number | 23 |
| Classification number | 621.38151 |
| Author mark and year | WAE 1977 |
| 100 ## - MAIN ENTRY--PERSONAL NAME | |
| Personal name | ওয়াটার্স, ফার্ল জে. |
| 9 (RLIN) | 135261 |
| 245 ## - TITLE STATEMENT | |
| Title | ইলেকট্রনিক যন্ত্রাংশের পরিচয় / |
| Statement of responsibility, etc. | ফার্ল জে. ওয়াটার্স ; মোঃ জহুর আলী অনূদিত |
| 260 ## - PUBLICATION, DISTRIBUTION, ETC. (IMPRINT) | |
| Place of publication, distribution, etc. | ঢাকা : |
| Name of publisher, distributor, etc. | বাংলা একাডেমী, |
| Date of publication, distribution, etc. | ১৯৭৭ |
| 300 ## - PHYSICAL DESCRIPTION | |
| Pagination | [১২], ২৩০ পৃ. : |
| Illustrations | চিত্র ; |
| Size | ২১ সেমি. |
| 490 ## - SERIES STATEMENT | |
| Series statement | বাএ ; |
| Volume/sequential designation | ৮৩৭ |
| 650 ## - SUBJECT ADDED ENTRY--TOPICAL TERM | |
| Topical term or geographic name as entry element | Electronic apparatus and appliances. |
| 9 (RLIN) | 117162 |
| Topical term or geographic name as entry element | ইলেকট্রনিক যন্ত্রপাতি এবং সরঞ্জাম |
| 9 (RLIN) | 135262 |
| 700 ## - ADDED ENTRY--PERSONAL NAME | |
| Personal name | আলী, মোঃ জহুর, অনুবাদক |
| 830 ## - SERIES ADDED ENTRY--UNIFORM TITLE | |
| Uniform title | বাএ ; |
| Volume number/sequential designation | ৮৩৭ |
| 942 ## - ADDED ENTRY ELEMENTS (KOHA) | |
| Source of classification or shelving scheme | Dewey Decimal Classification |
| Koha item type | Books |
| Lost status | Source of classification or shelving scheme | Damaged status | Not for loan | Collection code | Permanent Location | Current Location | Shelving location | Date acquired | Source of acquisition | Cost, normal purchase price | Total Checkouts | Full call number | Date last seen | Copy number | Koha item type |
|---|---|---|---|---|---|---|---|---|---|---|---|---|---|---|---|
| Dewey Decimal Classification | Non-fiction | Central Library, University of Rajshahi | Central Library, University of Rajshahi | 30/06/1982 | Bangla Academy, Dhaka | 18.00 | B 621.38151 WAE 1977 | 12/07/2016 | C-2 | Books | |||||
| Dewey Decimal Classification | Non-fiction | Central Library, University of Rajshahi | Central Library, University of Rajshahi | 30/06/1981 | Eureka Book Agency, Rajshahi | 18.00 | B 621.38151 WAE 1977 | 13/07/2016 | C-3 | Books | |||||
| Dewey Decimal Classification | Non-fiction | Central Library, University of Rajshahi | Central Library, University of Rajshahi | 30/06/1981 | Eureka Book Agency, Rajshahi | 18.00 | B 621.38151 WAE 1977 | 10/08/2016 | C-4 | Books | |||||
| Dewey Decimal Classification | Non-fiction | Central Library, University of Rajshahi | Central Library, University of Rajshahi | 30/06/1981 | Eureka Book Agency, Rajshahi | 18.00 | B 621.38151 WAE 1977 | 10/08/2016 | C-5 | Books | |||||
| Dewey Decimal Classification | Non-fiction | Central Library, University of Rajshahi | Central Library, University of Rajshahi | 30/06/1981 | Eureka books agency,Rajshahi | 18.00 | B 621.38151 WAE 1977 | 24/09/2016 | C-6 | Books | |||||
| Dewey Decimal Classification | Non-fiction | Central Library, University of Rajshahi | Central Library, University of Rajshahi | 30/06/1981 | Eureka Book Agency, Rajshahi | 18.00 | B 621.38151 WAE 1977 | 24/09/2016 | C-7 | Books | |||||
| Dewey Decimal Classification | Non-fiction | Central Library, University of Rajshahi | Central Library, University of Rajshahi | 30/06/1980 | Eura Bangladesh Nasa Ag. | 18.00 | B 621.38151 WAE 1977 | 25/09/2016 | C-8 | Books | |||||
| Dewey Decimal Classification | Non-fiction | Central Library, University of Rajshahi | Central Library, University of Rajshahi | 24/12/1984 | Bangla Academy, Dhaka | 18.00 | B 621.38151 WAE 1977 | 27/11/2016 | C-9 | Books | |||||
| Dewey Decimal Classification | Non-fiction | Central Library, University of Rajshahi | Central Library, University of Rajshahi | 30/06/1981 | Youreka book agency, Rajshahi. | 18.00 | B 621.38151 WAE 1977 | 29/11/2016 | C-10 | Books | |||||
| Dewey Decimal Classification | Not For Loan | Non-fiction | Central Library, University of Rajshahi | Central Library, University of Rajshahi | Reading Room | 25/08/1978 | Dhaka, Bangla Academy | 18.00 | B 621.38151 WAE 1977 | 27/04/2017 | C-1 | Books |